000 00729nbc a2200181 a 4500
001 000020705
005 20200930011141.0
008 100813s1987 es 0 1 0 spa d
020 _a8400066928
040 _aDO-SdBNP
_bspa
_cBPJMD
100 1 _aLivio, Tito
_943449
245 1 0 _aHistoria de Roma desde la fundación de la ciudad = Ab vrbe condita /
_cTito Livio ; texto revisado, traducción, introducción y notas por Antonio Fontán.
260 _aMadrid :
_bConsejo Superior de Investigaciones Científicas,
_c1987.
300 _av. ;
_c22 cm.
500 _aLa biblioteca posee en un solo tomo el v. 1 y 2
504 _aIncluye referencias biobliográficas y notas al pie de la páginas
700 1 _aFontán, Antonio
_943450
999 _c20209
_d20209